LEADER 01441nam 2200397 n 450 001 996395847503316 005 20200824120546.0 035 $a(CKB)4330000000319089 035 $a(EEBO)2240926147 035 $a(UnM)99844238e 035 $a(UnM)99844238 035 $a(EXLCZ)994330000000319089 100 $a19910819d1640 uy | 101 0 $aeng 135 $aurbn||||a|bb| 200 04$aThe gushing teares of godly sorrovv$b[electronic resource] $eContaining the causes, conditions, and remedies of sinne, depending mainly upon contrition and confession. And they seconded, with sacred and comfortable passages, under the mourning cannopie of teares, and repentance. By William Lithgovv 210 $aEdinburgh $cPrinted by Robert Bryson, Anno Dom. 1640. At the expences of the authour$d[1640] 215 $a[100] p 300 $aIn verse. 300 $aSignatures: A-M? Nē . 300 $aRunning title reads: The gushing teares of godlie sorrow. 300 $aReproduction of the original in the British Library. 330 $aeebo-0018 606 $aSin$vPoetry 606 $aRepentance$vPoetry 615 0$aSin 615 0$aRepentance 700 $aLithgow$b William$f1582-1645?$01001006 801 0$bCu-RivES 801 1$bCu-RivES 801 2$bCStRLIN 801 2$bWaOLN 906 $aBOOK 912 $a996395847503316 996 $aThe gushing teares of godly sorrovv$92297613 997 $aUNISA